000
00215 a2200097 4500
001
28794
100
_a
Bennett, CE
245
_a
physics without mathematics
260
_a
_b
Barnes & noble
_c
090
_c
19242
_d
19242
942
_a
NUST-CAE
_c
M
_c
10272
999
_c
263867
_d
263867